Normal view
MARC view
- عرب- تاريخ،عالم عربي- احوال سياسية، البلاد الاسلامية- تاريخ
Entry Topical Term
001 - CONTROL NUMBER
- control field: 19197
003 - CONTROL NUMBER IDENTIFIER
- control field: JO-AjAnu
005 - DATE AND TIME OF LATEST TRANSACTION
- control field: 20230606073346.0
008 - FIXED-LENGTH DATA ELEMENTS
- fixed length control field: 230606|| aca||aabn | a|a d
040 ## - CATALOGING SOURCE
- Original cataloging agency: JO-AjAnu
- Transcribing agency: JO-AjAnu
150 ## - HEADING--TOPICAL TERM
- Topical term or geographic name entry element: عرب- تاريخ،عالم عربي- احوال سياسية، البلاد الاسلامية- تاريخ
670 ## - SOURCE DATA FOUND
- Source citation: Work cat.: (JO-AjAnu)9852: يوسف، نزار, author 19196, الزمن العربي الرديء: دراسة وبحث